| 000 | 00963nam a22002537a 4500 | ||
|---|---|---|---|
| 005 | 20170802105520.0 | ||
| 010 | _aBAC-CH25 | ||
| 020 |
_a9788179934487 _c125.00 |
||
| 035 | _aG-003184 | ||
| 035 | _aB-550710-745 | ||
| 035 | _aB-667169 | ||
| 037 |
_adpl _bAakar/Ven |
||
| 082 | _aS | ||
| 100 | _aGupta, Subhadra Sen | ||
| 245 |
_aBapu: and the Missing Blue Pencil / _cby Subhadra Sen Gupta; illustrated by Tapas Guha |
||
| 260 |
_aNew Delhi _bTeri _c2014 |
||
| 270 |
_aDarbari Seth Block, IHC Complex, Lodhi Road _bNew Delhi _e110003 |
||
| 300 |
_a24p.: _c24cm(pbk) _bcol.ill |
||
| 490 | _aCaring for Nature | ||
| 942 |
_2ddc _cCH _mGUP _hS |
||
| 999 |
_c86594 _d86594 |
||